000 00394pab a2200157 454500
008 180718b2005 xxu||||| |||| 00| 0 eng d
100 _aSchneewind, J.B.
245 _aGlobalization and the history of philosophy
260 _c2005
300 _ap.169-78.
362 _aApr
650 _aPhilosophy
650 _aGlobalization
773 _aJournal of the History of Ideas
909 _a67032
999 _c67032
_d67032